Pays visités dans Mission Impossible sur une carte - Statistiques

Statistiques générales
  • Ce quiz a été pris 250 fois
  • Le résultat moyen est 13 sur 20
Réponses sur la Carte
Les réponses sont colorées sur une échelle allant du rouge au vert en fonction du pourcentage des utilisateurs qui les ont devinées à leur premier essai. Vous pouvez retrouver ces pourcentages ci-dessous.
 
Statistiques - réponses
Pays % Correct
France
98%
Etats-Unis
97%
Royaume-Uni
92%
Russie
92%
Italie
86%
Chine
85%
Inde
84%
Espagne
83%
Allemagne
81%
Australie
71%
Autriche
66%
Maroc
64%
Ukraine
54%
Cuba
51%
Hongrie
49%
Rép. Tchèque
47%
Biélorussie
42%
Pays-Bas
42%
Yémen
21%
Emirates arabes unis
4%
Aucun quiz correspondant
Distribution des résultats
% des personnes avec chaque résultat
Percentile par nombre de réponses
Votre historique - résultats
Vous n’avez pas pris ce quiz